000 00835nam a2200253 i 4500
001 185962
003 SpMaBN
005 20250710064923.0
008 160830s1987 mx |||| | spa d
020 _a968-23-0110-6
080 _a81'38
080 _a821.133.1.09
100 1 _aBarthes, Roland.
_926125
245 1 3 _aEl grado cero de la escritura
_b; seguido de Nuevos ensayos críticos /
_cpor Roland Barthes ; traducción de Nicolás Rosa.
246 3 0 _aNuevos ensayos críticos
250 _a9ª ed. en español.
260 _aMéxico :
_bSiglo XXI,
_c1987.
300 _a247 p. ;
_c18 cm.
650 0 7 _aEstilística.
_912551
650 4 _aLiteratura francesa-
_xHistoria y crítica
_914586
700 1 _aRosa, Nicolás.
_999608
852 _aES-MaACL
_jL-30582
_z. - Donat. Miguel A. Velasco
999 _c185962
_d185962